The rise of the Greek epic. (Record no. 9097)
[ view plain ]
| 000 -LEADER | |
|---|---|
| fixed length control field | 00736cam a22002651 4500 |
| 001 - CONTROL NUMBER | |
| JCCL Control Number | 9097 |
| 003 - CONTROL NUMBER IDENTIFIER | |
| JCCL marc code | BD-JhCC |
| 005 - DATE AND TIME OF LATEST TRANSACTION | |
| control field | 20180308132246.0 |
| 008 - FIXED-LENGTH DATA ELEMENTS--GENERAL INFORMATION | |
| fixed length control field | 740926s1960 xx 000 0 eng |
| 035 ## - SYSTEM CONTROL NUMBER | |
| system control number | (BD-JhCC)9097 |
| 040 ## - CATALOGING SOURCE | |
| Original cataloging agency | DLC |
| Transcribing agency | TxU-Da |
| Modifying agency | OCoLC |
| -- | DLC |
| -- | BD-JhCC |
| 041 ## - LANGUAGE CODE | |
| Language code of Book | eng |
| 050 00 - LIBRARY OF CONGRESS CALL NUMBER | |
| Classification number | PA3105 |
| Item number | .M85 1960 |
| 082 ## - DEWEY DECIMAL CLASSIFICATION NUMBER | |
| Classification number | 883.09 |
| Author mark and Year | MUR 1960 |
| 100 1# - MAIN ENTRY--PERSONAL NAME | |
| Personal name | Murray, Gilbert, |
| Dates associated with a name | 1866-1957. |
| 245 14 - TITLE STATEMENT | |
| Title | The rise of the Greek epic. |
| 250 ## - EDITION STATEMENT | |
| Edition statement | [4th ed.] |
| 260 ## - PUBLICATION, DISTRIBUTION, ETC. (IMPRINT) | |
| Place of publication, distribution, etc | New York, |
| Name of publisher, distributor, etc | Oxford University Press, |
| Date of publication, distribution, etc | 1960. |
| 300 ## - PHYSICAL DESCRIPTION | |
| Pagination | 356 p. |
| Dimensions | 21 cm. |
| 490 0# - SERIES STATEMENT | |
| Series statement | A Galaxy book GB41 |
| 600 00 - SUBJECT ADDED ENTRY--PERSONAL NAME | |
| Personal name | Homer |
| General subdivision | Criticism and interpretation. |
| 650 #0 - SUBJECT ADDED ENTRY--TOPICAL TERM | |
| Topical term or geographic name as entry element | Epic poetry, Greek |
| General subdivision | History and criticism. |
| 942 ## - ADDED ENTRY ELEMENTS (KOHA) | |
| Source of classification or shelving scheme | Dewey Decimal Classification |
| Koha item type | Books |
| Source of classification or shelving scheme | Damaged status | Not for loan | Home library | Current library | Shelving location | Total Checkouts | Full call number | Barcode | Date last seen | Copy number | Koha item type |
|---|---|---|---|---|---|---|---|---|---|---|---|
| Dewey Decimal Classification | JCC Rouf Library | JCC Rouf Library | General Stacks | 883.09 MUR 1960 | 12160 | 03/08/2018 | C - 1 | Books |